Score 0/17 Timer 05:00
1 Play Today
Letter Hosts % Correct
CBilly Crystal, Chevy Chase, Johnny Carson, Michael Caine, Claudette Colbert, John Cromwell, Frank Capra, Irvin S. Cobb
88.2%
HNeil Patrick Harris, Anne Hathaway, Paul Hogan, Goldie Hawn, Bob Hope, John Huston, Rock Hudson, Charlton Heston, Helen Hayes, Celeste Holm
84.4%
DEllen DeGeneres, Sammy Davis Jr., Donald Duck, Paul Douglas, William C. DeMille
69%
MSeth MacFarlane, Steve Martin, Liza Minnelli, Dudley Moore, Walter Matthau, Shirley MacLaine, Joseph L. Mankiewicz, Fredric March, Robert Montgomery, Agnes Moorehead
64.5%
GWhoopi Goldberg, Lawrence Grant
63.4%
LDavid Letterman, Jack Lemmon, Jerry Lewis
57.5%
FJames Franco, Jane Fonda, Douglas Fairbanks
52.8%
RChris Rock, Burt Reynolds, Diana Ross, Tony Randall, Rosalind Russell, Thelma Ritter, Will Rogers
52.4%
SJon Stewart, George Segal, Robert Shaw, Frank Sinatra, Mort Sahl, James Stewart
49.2%
Letter Hosts % Correct
WRobin Williams
43.4%
KGene Kelly, Alan King, Danny Kaye, Jimmy Kimmel
38.3%
BAlec Baldwin, Warren Beatty, Ellen Burstyn, Carol Burnett, Jack Benny, Bob Burns, Lionel Barrymore
37.2%
JHugh Jackman, George Jessel
29.8%
AAlan Alda, Fred Astaire
22.9%
NDavid Niven, Conrad Nagel
21.1%
OLaurence Olivier, Donald O'Connor
17.2%
PRichard Pryor, Dick Powell
11.5%
Remove Ads.
Support Sporcle.
Get the best of Sporcle when you Go Orange. This ad-free experience offers more features, more stats, and more fun while also helping to support Sporcle. Thank you for becoming a member.

You're not logged in!

Compare scores with friends on all Sporcle quizzes.
OR
Log In

Show Comments

Extras

Top Quizzes Today


Score Distribution

Your Account Isn't Verified!

In order to create a playlist on Sporcle, you need to verify the email address you used during registration. Go to your Sporcle Settings to finish the process.

Report this User

Report this user for behavior that violates our Community Guidelines.

Details: